Statistics for North and South American flags (Hard)

Click here to take the quiz!

General Stats

  • This quiz has been taken 60 times
  • The average score is 14 of 16

Answer Stats

Answer% Correct
Panama
98%
Peru
98%
Paraguay
96%
Cuba
92%
Guyana
92%
Honduras
92%
Venezuela
92%
Belize
90%
Suriname
90%
Guatemala
86%
Bahamas
84%
Costa Rica
84%
El salvador
84%
Nicaragua
84%
Haiti
80%
Bolivia
67%

Score Distribution

Percentile by Number Answered

Percent of People with Each Score

Your Score History

You have not taken this quiz